Poeams for planting love (Record no. 1112900)

MARC details
000 -LEADER
fixed length control field 00826nam a2200277Ia 4500
003 - CONTROL NUMBER IDENTIFIER
control field OSt
005 - DATE AND TIME OF LATEST TRANSACTION
control field 20221006160259.0
008 - FIXED-LENGTH DATA ELEMENTS--GENERAL INFORMATION
fixed length control field 221006b |||||||| |||| 00| 0 eng d
020 ## - INTERNATIONAL STANDARD BOOK NUMBER
International Standard Book Number 9788991913448
037 ## - SOURCE OF ACQUISITION
Terms of availability Textual
040 ## - CATALOGING SOURCE
Original cataloging agency EASL
Transcribing agency EASL
Language of cataloging eng
041 ## - LANGUAGE CODE
Source of code eng
Language code of text/sound track or separate title eng
100 ## - MAIN ENTRY--PERSONAL NAME
Personal name Hill Seten
9 (RLIN) 672775
245 #0 - TITLE STATEMENT
Title Poeams for planting love
Remainder of title A collection of poems and artwork by children with disabilities
260 ## - PUBLICATION, DISTRIBUTION, ETC.
Place of publication, distribution, etc. Seoul
Name of publisher, distributor, etc. Seoul Selection Korea
Date of publication, distribution, etc. 2008
300 ## - PHYSICAL DESCRIPTION
Extent 130p.
Dimensions cm.
490 ## - SERIES STATEMENT
Volume/sequential designation KEL
500 ## - GENERAL NOTE
General note Bilingual - English - Korean
650 ## - SUBJECT ADDED ENTRY--TOPICAL TERM
Topical term or geographic name entry element KEL
942 ## - ADDED ENTRY ELEMENTS (KOHA)
Classification part O495,1x, P8
Koha item type Textual
Source of classification or shelving scheme Colon Classification (CC)
Holdings
Withdrawn status Lost status Source of classification or shelving scheme Damaged status Not for loan Home library Current library Date acquired Source of acquisition Serial Enumeration / chronology Total Checkouts Full call number Barcode Date last seen Price effective from Koha item type
    Colon Classification (CC)     Department of East Asian Studies Library Department of East Asian Studies Library 2022-10-06 gift, Window on Korea KEL   O495,1x P8 EA1397562 2022-10-06 2022-10-06 Textual
Copyright @ Delhi University Library System